Регионална библиотека "Любен Каравелов" - Русе

История на авиацията (Запис номер 41412)

MARC детайли
000 -Лидер
Контролно поле с фиксирана дължина 01973nam a2200409 c 4500
003 - Код на организацията, давaща контролен номер
Контролно поле BLK
005 - Дата и час на последна редакция
Контролно поле 20231109181931.0
008 - Елементи от данни с фиксирана дължина
fixed length control field 180408b bul|||||r ||||||| ||bul||
010 ## - Наследен системен номер
LC control number KNG00044976000
020 ## - Международен стандартен номер на книга ISBN
Международен стандартен номер на книга ISBN 978-954-733-626-1
-- издат.: Прозорец
040 ## - Източник на каталожния запис
Идентификатор на билиотеката - собственик на записа BLK
041 ## - Код за език
Код за езика на текст/звукозапис или на отделно заглавие Български
Код за езика КДБФ Български
072 #7 - Код за тематичната категория
Код организация bullib
Код за тематична категория Н62
Текст Приложни науки. Техника Н
080 ## - УДК
Текстов определител УДК Въздухоплаване. Авиация
УДК код - определител по УДК 629.73
УДК определител (091)
УДК - код + определител 629.73(091)
080 ## - УДК
Текстов определител УДК Експлоатация на въздушния транспорт - Въздушни полети и линии, пътнически и товарен превоз, авиационни произшествия и др.
УДК код - определител по УДК 656.7
УДК определител (091)
УДК - код + определител 656.7(091)
100 1# - Редна дума - Автор
Автор Еванс, Антъни
Авторска отговорност първи автор
R(LIN) 277710
139 ## - Редно поле
Редна дума Еванс, Антъни и др.
Авторски знак Ев - Е 13
245 10 - Сведения за заглавието
Заглавие История на авиацията
Редно поле (дума) Антъни Еванс; съавт. Дейвид Гибънс; прев. Красимир Грозев Грозев; прев. Евгени Димитров Андонов.
257 ## - Страна на издаване
Страна на създаване/издаване Великобритания
260 ## - Област на издателските данни
-- София
Име на издателя, разпространителя и проч. Прозорец
Година на издаване 2008
Печатница Отпеч. в Китай
300 ## - Физическа характеристика
Страници 248 с.
Илюстрации и др. с цв. ил.
Размери/Мащаб 24 см
380 ## - Жанр
Жанр Техника
500 ## - Общи забележки
Забележка Без сведение за ориг. загл. - Индекс. - Библиогр. с. 230-240.
650 #4 - Допълнително описание по предмет – тема
Основно описание – тема или топоним Авиация - история
9 (RLIN) 277714
653 ## - Ключова дума – ненормативна
Ключова дума авиация
653 ## - Ключова дума – ненормативна
Ключова дума история
659 ## - Тематичен бюлетин
Тематичен бюлетин Н
700 1# - Други автори (авторска отговорност)
Лично име Гибънс, Дейвид
Автороска отговорност (Описва отношението между автора и произведението) съавт.
9 (RLIN) 277711
700 1# - Други автори (авторска отговорност)
Лично име Грозев, Красимир Грозев
Автороска отговорност (Описва отношението между автора и произведението) прев.
9 (RLIN) 277712
700 1# - Други автори (авторска отговорност)
Лично име Андонов, Евгени Димитров
Автороска отговорност (Описва отношението между автора и произведението) прев.
9 (RLIN) 277713
852 ## - Местоположение
Форматна сигнатура Цб 254162
856 4# - Електронен адрес и достъп
Електронен формат pdf - файл
Път до файла /url/
856 4# - Електронен адрес и достъп
Електронен формат pdf - файл
Път до файла /url/
942 ## - АРТИКУЛИ
Вид на библиотечния материал Книги
Скрит в OPAC Не
Koha issues (borrowed), all copies 4
944 ## - СЪЗДАВАНЕ И РЕДАКЦИЯ на ЗАПИСА
Създаване/Редакция Създаване
Дата на регистрацията/редакция 27.12.2011
Статус, дата на статуса Минев Младен
Служител, извършил регистрацията/редакцията 30530
944 ## - СЪЗДАВАНЕ И РЕДАКЦИЯ на ЗАПИСА
Създаване/Редакция Редакция
Дата на регистрацията/редакция 03.06.2016
Статус, дата на статуса ф /
Служител, извършил регистрацията/редакцията Геновева_Генчева
999 ## - СИСТЕМНИ КОНТРОЛНИ НОМЕРА
Koha biblionumber 41412
Koha biblioitemnumber 41412
Наличности
Код за отписване Код за изгубен артикул Код за повреда Коз за рестрикции Код за отдаване Артикулен № Име на библиотеката - собственик Име на библиотеката, в която се намира в момента Статус (Текущо местоположение) Дата на вписване в системата Местоположение - отдел Цена в лева Инвентарен номер Систематично азбучна сигнатура Баркод Номер на екземпляра Цена в евро Служебна бележка Служебен тип на артикула
  Не е изгубен Не е повреден без рестрикции ползва се в читалня 64895 Регионална библиотека "Любен Каравелов" Русе Регионална библиотека "Любен Каравелов" Русе Читалня 2011-12-16 Читалня 29.00 120000755599 Ч 629.7/Е 13 120000755599 1 14.83 Дост: Pk Вид: Ф N: 251 Дата: 15.12.2011 Дата инв: 24.03.2017 Бележки инв: Ч2017 Книги
  Не е изгубен Не е повреден без рестрикции заемане за дома 64896 Регионална библиотека "Любен Каравелов" Русе Регионална библиотека "Любен Каравелов" Русе Заемна - подръчен фонд 2016-05-31 Заемна - подръчен фонд 29.00 120000800587 П 629.73/Е 13 120000800587 2 14.83 Дост: Pk Вид: Ф N: 461 Дата: 30.05.2016 Дата инв: 07.02.2018 Бележки инв: П2018 Книги
Vip Innovations Ltd, Rousse, Bulgaria 2025